| 000 | 00858nas a2200253 4500 | ||
|---|---|---|---|
| 001 | BR2014004021 | ||
| 003 | BR-BrBNA | ||
| 005 | 20231205124211.0 | ||
| 007 | ta | ||
| 008 | 230509b bl.|||p| |||| 00| 00por d | ||
| 040 |
_aBR-BrBNA _bpor _cBiblioteca Nacional de Agricultura |
||
| 041 | _a(En) | ||
| 072 | _aF50 | ||
| 100 | 1 | _aPereira, D.C. | |
| 100 | 1 | _aBarros, C.F. | |
| 100 | 1 | _aScarano, F.R. | |
| 245 | 1 | _aIn situ variation in leaf anatomy and morphology of Andira legalis (Leguminosae)in two neighbouring but constrating light environments in a Brasilian sandy coastal plain | |
| 650 | _aLEGUMINOSAE | ||
| 650 | _aANATOMIA VEGETAL | ||
| 650 | _aFLORESTA | ||
| 773 | 0 |
_tActa Botanica Brasilica (Brazil) _xISSN 0102-3306 _g(Jan- Mar 2009), v. 23(1) p. 267-273 _wBR2014004021 |
|
| 909 |
_a202311 _bLúcia _c55 _dLúcia Elande |
||
| 942 |
_2AGRIS _n0 _cANA |
||
| 999 |
_c237826 _d237826 |
||